[Event "32nd Iranian Women-ch 2022"]
[Site "Kermanshah"]
[Date "2022.03.07"]
[Round "11.4"]
[White "Ghomi, Parnian"]
[Black "Zahedifar, Anahita"]
[Result "0-1"]
[WhiteElo "2026"]
[BlackElo "2213"]
[Annotator "TA"]
[PlyCount "146"]
[EventDate "2022.02.28"]
[EventType "tourn"]
[EventCountry "IRI"]
[SourceTitle "playchess.com"]
[Source "ChessBase"]
[SourceQuality "1"]

{[%evp 9,146,70,80,56,71,62,69,63,64,62,85,91,80,77,94,52,58,49,54,46,51,49,59,60,70,49,59,54,50,59,63,63,109,103,107,91,100,40,147,130,153,150,251,36,38,35,31,32,26,25,18,21,34,0,0,-27,9,-8,0,-68,-79,-87,-55,-61,-38,-132,-65,-150,-138,-145,0,-146,-42,-46,-42,-42,-8,-8,-8,-20,-20,-20,-20,-20,0,-8,0,-95,-95,-95,-95,-95,0,-27,0,-95,-95,-95,-95,-327,-60,-95,-32,-35,-8,-8,-8,-8,-8,-8,0,-8,0,-8,-8,-62,-62,-62,-62,-77,-77,-29958,-29955,-5825,-1876,-29978,-29979,-29981,-29982,-29984,-29985,-29985,-29986,-29986,-29987,-29987,-29988,-29993,-29994]} 1. e4 c6 2. d4 g6 3. Nf3 d5 4. e5 Bg4 5. Nbd2 Bg7 6. c3 {B12: Caro-Kann: Advance Variation.} e6 7. h3 Bxf3 8. Nxf3 {White is slightly better.} Ne7 9. Be2 Qb6 10. O-O Nd7 {[#]} 11. Re1 $146 ({Predecessor:} 11. Rb1 h6 12. b4 Nf5 13. Bd3 Bf8 14. a4 Be7 15. Bd2 Nf8 16. Qc2 Qd8 17. Be3 {0-1 (41) Scoatarin,J (2074)-Pietrasanta,J (2199) France 2003}) 11... c5 12. Qa4 (12. a4 $16) 12... Nc6 $14 13. Be3 O-O 14. Rab1 Rfc8 15. a3 Qc7 16. Qd1 a5 17. Qd2 a4 18. Bh6 cxd4 19. cxd4 Na5 20. Qf4 Qc2 (20... Qd8 $14) 21. Bb5 $16 {A strong pair of Bishops.} (21. Ng5 Qf5 22. Qh4 Bxh6 23. Qxh6 Nf8 $14) 21... Nc6 22. Bxg7 Kxg7 23. Qh4 (23. Bxc6 $6 bxc6 24. Rec1 (24. Ng5 Qf5 $15) 24... Qf5 25. Qxf5 gxf5 $11) (23. Red1 $16) 23... Qf5 {Inhibits Bd3.} (23... h6 $14) 24. Rbc1 $1 (24. Ng5 $6 h6 25. Nf3 g5 $11) (24. Bxc6 $6 bxc6 25. b4 axb3 26. Rxb3 Rc7 $11) 24... h6 25. Rc3 $1 g5 {[#]} (25... Rg8 $16 26. Qg3 (26. Bxc6 bxc6 27. Qe7 Rad8 $16) 26... g5) 26. Qg3 $2 ({White must play} 26. Nxg5 $1 $18 {[%mdl 512]} Nf8 27. Nxf7 $1 {[%mdl 512]} Qxf7 28. Rf3 (28. Bxc6 Rxc6 29. Rf3 Qg8 $11)) 26... Nb6 $14 27. h4 {[%cal Rh4g5]} Qf4 {And now ...Qxg3 would win.} (27... g4 $2 28. Bd3 Qh5 29. Nh2 Nxd4 30. Qe3 $18 (30. Nxg4 Rxc3 31. bxc3 Nf5 $16) (30. Qf4 Nf5 $16)) 28. hxg5 Qxg3 29. gxh6+ Kxh6 30. fxg3 Na5 $1 31. Rec1 Nac4 $1 32. Bxc4 Nxc4 (32... Rxc4 {feels hotter.} 33. Ne1 Rxd4 34. Rc7 Rf8 35. Rxb7 Nc4) 33. Nd2 {[%cal Rd2c4]} b5 34. Nxc4 (34. R1c2 $11) 34... bxc4 $11 {[%mdl 4096] Endgame KRR-KRR} 35. Rf1 Ra7 {[%mdl 1024] Black has strong compensation.} 36. Rf2 Rb7 37. Kh2 ({Better is} 37. Rcf3 $15) 37... Kg7 (37... Rcb8 $17 38. g4 Rxb2 39. Rxf7 R2b3) 38. g4 (38. Rcf3 $15) 38... Rh8+ 39. Kg1 Rc8 40. Kh2 $1 Rb3 (40... Rcb8 $17 41. Rcf3 Kg6) 41. Rcf3 $1 $15 Rxf3 42. gxf3 {KR-KR} Rb8 (42... c3 $5 {[%cal Rc3c2]} 43. Rc2 cxb2 $1 44. Rxb2 Rc4 $17) 43. Rd2 Rb3 44. Kg2 Kg6 45. f4 c3 46. bxc3 Rxa3 47. Rc2 Rb3 48. Kg3 (48. Kf3 $11 {remains equal.}) 48... a3 $17 49. Kh4 {[%cal Of4f5]} Rb2 50. Rc1 Rh2+ (50... a2 $17 {( -> ...Rb1)} 51. Ra1 f5 52. exf6 Kxf6) 51. Kg3 $11 Rb2 ({Black should try} 51... Rd2 $11) 52. Kh4 $1 $17 a2 53. Ra1 Rc2 54. Rf1 $2 (54. Kg3 $17 {was worth a try.}) 54... f5 $2 ({Black should play} 54... Rxc3 $19 {White must now prevent ...f5.} 55. f5+ Kh6 56. g5+ Kg7 57. fxe6 fxe6) 55. exf6 {[#]} Kxf6 (55... Rf2 $1 $17 56. Ra1 Kxf6) 56. f5 $1 $15 exf5 (56... Rf2 $5 {[%cal Rf2f1]} 57. g5+ Kf7 58. fxe6+ Kxe6 $17) 57. Rxf5+ Kg6 58. Rg5+ Kh6 59. Rh5+ Kg6 60. Rg5+ Kf6 61. Rf5+ Ke6 62. Re5+ (62. Rf1 $11) 62... Kd6 $1 63. Re1 Kc6 $1 {Threatens to win with ...Kb5.} 64. g5 {[#]} Kb5 $1 ({Don't play} 64... Rxc3 65. g6 Rc2 66. Kh3 $11) 65. Rg1 $2 {[%mdl 8192] [#]} (65. Kg3 $17) 65... Rb2 $1 66. Ra1 Ka4 67. g6 Ka3 {Black mates.} 68. Kh3 Rb1 69. g7 Rxa1 70. g8=Q Rh1+ 71. Kg2 a1=Q 72. Qa8+ Kb2 73. Qb7+ Kc2 {What a fight!  Weighted Error Value: White=0.24 (precise) /Black=0.31} 0-1

[Event "32nd Iranian Women-ch 2022"]
[Site "Kermanshah"]
[Date "2022.03.07"]
[Round "11.5"]
[White "Hamedi Nia, Vesal"]
[Black "Paktinat, Zhina"]
[Result "1/2-1/2"]
[WhiteElo "1980"]
[BlackElo "1903"]
[Annotator "TA"]
[PlyCount "79"]
[EventDate "2022.02.28"]
[EventType "tourn"]
[EventCountry "IRI"]
[SourceTitle "playchess.com"]
[Source "ChessBase"]
[SourceQuality "1"]

{[%evp 16,79,30,28,32,0,0,0,9,9,79,70,76,5,14,12,14,0,6,-5,-8,-24,-11,-15,-10,-22,-11,-18,-27,-30,-30,-22,-30,-17,0,0,0,0,0,0,0,-6,0,0,0,0,3,2,4,2,57,0,0,0,0,0,0,0,0,0,0,0,0,0,0,0]} 1. d4 Nf6 2. c4 e6 3. Nf3 Bb4+ 4. Nbd2 b6 5. a3 Bxd2+ 6. Qxd2 Bb7 7. e3 a5 8. b3 O-O 9. Be2 d5 {E14: Queen's Indian: Classical Variation (4 e3).} 10. cxd5 {[#]} Qxd5 $146 ({Predecessor:} 10... Bxd5 11. Qc2 Nbd7 12. Bb2 c5 13. O-O Rc8 14. Qd1 Qe7 15. a4 Rfd8 16. Ba6 Ra8 17. Bb5 cxd4 18. Nxd4 {½-½ (59) Anton Guijarro,D (2631)-Naiditsch,A (2705) Dubai 2014}) 11. Qc2 Na6 12. Bb2 Qe4 {[#]} (12... Rfc8 $11) 13. Qxe4 $1 $16 Nxe4 {[#]} 14. Rc1 ({Better is} 14. Ne5 $1 $16) 14... Bd5 15. Bc4 Rfd8 16. O-O c5 17. Rfd1 Bxc4 18. bxc4 f6 19. Ne1 Rac8 20. Nd3 Kf7 21. Kf1 Ke7 22. f3 Nd6 {And now ...cxd4 would win.} 23. dxc5 Nxc5 24. Nxc5 Rxc5 25. Bd4 Rxc4 26. Bxb6 Rdc8 27. Rb1 Ra4 28. Rb3 Nc4 29. Rdd3 Ne5 30. Rdc3 Rxc3 31. Rxc3 $11 {[%mdl 4096] Endgame KRB-KRN} Nd7 32. Bc7 e5 (32... Ne5 $11) 33. e4 (33. Ke2 $14) 33... Nf8 {The position is equal.} 34. Bb6 Ne6 35. Ke1 Kd7 36. Kf2 g6 37. g3 f5 38. h4 fxe4 39. fxe4 Kd6 40. Ke3 {Weighted Error Value: White=0.09 (flawless) /Black=0.10 (very precise)} 1/2-1/2

[Event "32nd Iranian Women-ch 2022"]
[Site "Kermanshah"]
[Date "2022.03.07"]
[Round "11.6"]
[White "Parvizi, Anita"]
[Black "Mahdavi, Mahdis"]
[Result "1/2-1/2"]
[WhiteElo "1693"]
[BlackElo "1692"]
[Annotator "NA RC"]
[PlyCount "27"]
[EventDate "2022.02.28"]
[EventType "tourn"]
[EventCountry "IRI"]
[SourceTitle "playchess.com"]
[Source "ChessBase"]
[SourceQuality "1"]
[TimeControl "5400+30"]

1. d4 {[%emt 0:00:20]} Nf6 {[%emt 0:00:08]} 2. Nf3 {[%emt 0:00:08]} g6 {[%emt 0:00:08]} 3. Nbd2 {[%emt 0:00:21]} Bg7 {[%emt 0:01:38]} 4. e4 {[%emt 0:00:12]} d6 {[%emt 0:00:06]} 5. Bb5+ {[%emt 0:00:18]} Nbd7 {[%emt 0:01:08]} 6. e5 {[%emt 0:00:32]} Nh5 {[%emt 0:04:38]} 7. e6 {[%emt 0:26:20]} fxe6 {[%emt 0:00:11]} 8. Ng5 {[%emt 0:00:10]} c6 {[%emt 0:02:59]} 9. Nxe6 {[%emt 0:00:51]} Qa5 {[%emt 0:00:31]} 10. b4 {[%emt 0:04:32]} Qxb4 {[%emt 0:00:24]} 11. Nc7+ {[%emt 0:06:11]} Kd8 {[%emt 0:00:39]} 12. Ne6+ {[%emt 0:06:58]} Ke8 {[%emt 0:00:29]} 13. Nc7+ {[%emt 0:00:24]} Kd8 {[%emt 0:19:07]} 14. Ne6+ {[%emt 0:00:48]} 1/2-1/2